| 000 | 01280nam a22003497a 4500 | ||
|---|---|---|---|
| 003 | CHAP | ||
| 005 | 20220329141428.0 | ||
| 008 | 971013s1982 r 00010 d | ||
| 010 | _a68002 | ||
| 011 | _a68974 | ||
| 035 | _a78448 | ||
| 040 | _cCHAP | ||
| 082 |
_a628.746 _bG7y |
||
| 100 | 0 | 0 |
_aGrundey, Kevin. _950855 |
| 245 | _aTratamiento de los residuos agrícolas y ganaderos | ||
| 260 |
_aBarcelona : _bGEA, _c1982 |
||
| 300 |
_a304 p. _b: ilus. ; gráfs. |
||
| 500 | _a26-133 | ||
| 590 |
_aBATCH-UPD _b10 _c20130110 _lUCH01 _h1648 |
||
| 590 |
_aBATCH-UPD _b10 _c20130410 _lUCH01 _h1038 |
||
| 590 |
_aBATCH-UPD _b10 _c20130914 _lUCH01 _h1326 |
||
| 590 |
_aCONVERSION _b10 _c20130109 _lUCH01 _h1337 |
||
| 650 | 1 | 4 |
_aEstiércol _xManejo. _938314 |
| 650 | 1 | 4 |
_aProductos agrícolas _xSubproductos. _992033 |
| 650 | 1 | 4 |
_aProductos pecuarios _xSubproductos. _992199 |
| 901 | _aBK | ||
| 942 | _cLIBRO | ||
| 949 |
_a628.746 G7y _bBC _cLIBRO _d33724000026027 _eLIBRO _fc.3 _gI.132403 _h68608 _i78448 _si _t7.04 |
||
| 949 |
_a628.746 G7y _bBC _cLIBRO _d33724000026035 _eLIBRO _fc.2 _gI.132402 _h68607 _i78448 _si _t7.04 |
||
| 949 |
_a628.746 G7y _bBC _cLIBRO _d33724000601233 _eLIBRO _gI.132401 _h68606 _i78448 _si _t7.04 |
||
| 949 |
_a628.746 G7y _bBC _cLIBRO _d33724000900106 _eLIBRO _fc.4 _h77818 _i78448 _si _t7.04 |
||
| 999 |
_c68002 _d68002 |
||